|
|
|
|
| LEADER |
01775nas a2200445 a 4500 |
| 001 |
000563109 |
| 003 |
CZ BrMZK |
| 005 |
20070709065425.0 |
| 007 |
ta |
| 008 |
010907c20019999xr cze d |
| 040 |
|
|
|a BOA001
|b cze
|
| 043 |
|
|
|a e-xr---
|
| 072 |
|
7 |
|a 637
|x Živočišné produkty
|2 Konspekt
|9 24
|
| 080 |
|
|
|a 637.1
|2 MRF
|
| 080 |
|
|
|a 637.1/.3
|2 MRF
|
| 080 |
|
|
|a (437.3)
|2 MRF
|
| 080 |
|
|
|a (083.41)
|2 MRF
|
| 245 |
0 |
0 |
|a Nákladovost, zpeněžování a rentabilita výroby mléka v roce ...
|
| 260 |
|
|
|a Praha :
|b Výzkumný ústav živočišné výroby,
|c [2001?]-
|
| 300 |
|
|
|a ^^^sv. ;
|c 30 cm
|
| 310 |
|
|
|a 1x ročně
|
| 490 |
1 |
|
|a Sborník. Ř. E (ekonomika) ;
|v č. 1
|
| 500 |
|
|
|a Jednotlivé svazky mají vlastní ISBN
|
| 500 |
|
|
|a Součástí názvu je označení běžného roku.- V roce 2002 změna edice: Přehled výsledků, ř. E (ekonomika)
|
| 541 |
|
|
|c pv-r
|
| 650 |
0 |
7 |
|a mléko
|7 ph115334
|z Česko
|2 czenas
|
| 650 |
0 |
7 |
|a mlékařství
|7 ph135622
|z Česko
|2 czenas
|
| 650 |
0 |
7 |
|a mlékárenský průmysl
|7 ph135624
|z Česko
|2 czenas
|
| 655 |
|
7 |
|a statistiky
|7 fd133589
|2 czenas
|
| 710 |
2 |
|
|a Výzkumný ústav živočišné výroby
|7 kn20010724966
|
| 830 |
|
0 |
|a Sborník.
|n Ř. E (ekonomika)
|
| 902 |
|
|
|a 80-86454-12-6
|
| 902 |
|
|
|a 80-86454-20-7
|q (2001)
|
| 902 |
|
|
|a 80-86454-29-0
|q (2002)
|
| 910 |
|
|
|a BOA001
|b 4-1086.476
|r 2000-
|
| 952 |
|
|
|a e-xr-pg
|
| 990 |
|
|
|a SE
|
| 996 |
6 |
|
|b 2610136654
|c 4-1086.476
|d 2000
|y 2000
|l MZK
|r Sklad / do 1 hodiny
|n 1
|p p.v.
|w 000563109
|u 000010
|a 1
|e BOA001
|j MZK50
|s P
|
| 996 |
6 |
|
|b 2610197858
|c 4-1086.476
|d 2001
|y 2001
|l MZK
|r Sklad / do 1 hodiny
|n 1
|p p.v.
|w 000563109
|u 000020
|a 1
|e BOA001
|j MZK50
|s P
|
| 996 |
6 |
|
|b 2610197859
|c 4-1086.476
|d 2002
|y 2002
|l MZK
|r Sklad / do 1 hodiny
|n 7
|p p.v.
|w 000563109
|u 000030
|a 1
|e BOA001
|j MZK50
|s P
|